[Event "Madrid San Viator op-B 30th"]
[Site "Madrid"]
[Date "2018.04.08"]
[Round "1"]
[White "Garcia Hernandez, Armando"]
[Black "Gortazar Rubial, Javier Maria"]
[Result "1-0"]
[WhiteElo "1350"]
[BlackElo "1610"]
[PlyCount "97"]
[EventDate "2018.04.08"]
[EventType "swiss"]
[EventRounds "9"]
[EventCountry "ESP"]
[SourceTitle "EXT 2019"]
[Source "ChessBase"]
[SourceDate "2018.10.10"]
[SourceVersion "1"]
[SourceVersionDate "2018.10.10"]
[SourceQuality "1"]

1. Nf3 d5 2. d4 Nf6 3. g3 c5 4. c3 e6 5. Bg2 Nc6 6. 0-0 Be7 7. Nbd2 0-0 8. Re1 cxd4 9. Nxd4 Rb8 10. Nxc6 bxc6 11. Nb3 c5 12. Bf4 Bd6 13. Bxd6 Qxd6 14. Rb1 Qb6 15. Qc2 c4 16. Nd2 Bb7 17. e4 dxe4 18. Nxe4 Nxe4 19. Bxe4 Bxe4 20. Rxe4 Qc6 21. Rd1 Rxb2 22. Qxb2 Qxe4 23. Rd7 Qc6 24. Qb7 Qxb7 25. Rxb7 g6 26. Rxa7 Kg7 27. a4 Rc8 28. a5 Kf6 29. a6 h5 30. Rb7 Ra8 31. a7 g5 32. Kf1 Kg6 33. Ke2 f6 34. Ke3 Kf5 35. Kd4 Kg4 36. Kxc4 e5 37. Rf7 h4 38. Kd3 hxg3 39. hxg3 f5 40. Ke2 f4 41. gxf4 exf4 42. f3+ Kh5 43. c4 Kg6 44. Rb7 Kf6 45. c5 Ke6 46. c6 Kd6 47. c7 Kc6 48. Rb8 Rxa7 49. c8Q+ 1-0

[Event "Madrid-ch Previa-A"]
[Site "Madrid"]
[Date "2018.02.12"]
[Round "4"]
[White "Gortazar Rubial, Javier Maria"]
[Black "Narvaez Parra, Vicente"]
[Result "0-1"]
[WhiteElo "1543"]
[BlackElo "1809"]
[PlyCount "128"]
[EventDate "2018.02.05"]
[EventType "swiss"]
[EventRounds "9"]
[EventCountry "ESP"]
[SourceTitle "EXT 2020"]
[Source "ChessBase"]
[SourceDate "2019.10.17"]
[SourceVersion "1"]
[SourceVersionDate "2019.10.17"]
[SourceQuality "1"]

1. e4 c6 2. d4 d5 3. exd5 cxd5 4. c4 Nc6 5. Nf3 Nf6 6. Nc3 g6 7. a3 Bg7 8. c5 0-0 9. h3 Re8 10. Be3 e5 11. Be2 exd4 12. Nxd4 Nxd4 13. Bxd4 Bd7 14. 0-0 b6 15. cxb6 axb6 16. Bf3 Bc6 17. Qd3 Ne4 18. Bxg7 Kxg7 19. Nxe4 dxe4 20. Qc3+ Qf6 21. Qxf6+ Kxf6 22. Be2 Ba4 23. Bd1 Bb5 24. Re1 Ke5 25. Be2 Ba4 26. Bd1 f5 27. b3 Bb5 28. Be2 Bxe2 29. Rxe2 Rec8 30. a4 Rc3 31. Rb2 b5 32. a5 Ra6 33. b4 Kd4 34. Rd1+ Kc4 35. Kf1 Rb3 36. Rdb1 Rxb2 37. Rxb2 Kc3 38. Rb1 Rd6 39. Ke1 g5 40. Rd1 Rf6 41. Rb1 f4 42. Ke2 h5 43. Rd1 Kxb4 44. Rd5 g4 45. hxg4 hxg4 46. Rd4+ Kxa5 47. Rxe4 b4 48. Kd2 Ka4 49. Kc2 Ka3 50. Kb1 Kb3 51. Kc1 Rc6+ 52. Kd1 Rc4 53. Re2 Ka3 54. Re8 b3 55. Ra8+ Kb2 56. g3 f3 57. Rb8 Rd4+ 58. Ke1 Rc4 59. Kd2 Rc2+ 60. Ke3 Re2+ 61. Kf4 Rxf2 62. Kxg4 Rf1 63. Kh3 Rh1+ 64. Kg4 f2 0-1

[Event "Madrid-ch Previa-A"]
[Site "Madrid"]
[Date "2018.02.06"]
[Round "2"]
[White "Gortazar Rubial, Javier Maria"]
[Black "De Luna Butz, Alberto"]
[Result "0-1"]
[WhiteElo "1543"]
[BlackElo "1799"]
[PlyCount "88"]
[EventDate "2018.02.05"]
[EventType "swiss"]
[EventRounds "9"]
[EventCountry "ESP"]
[SourceTitle "EXT 2020"]
[Source "ChessBase"]
[SourceDate "2019.10.17"]
[SourceVersion "1"]
[SourceVersionDate "2019.10.17"]
[SourceQuality "1"]

1. e4 e6 2. d3 d5 3. Nd2 c5 4. g3 Nc6 5. Bg2 g6 6. Ngf3 Bg7 7. 0-0 Nge7 8. Re1 0-0 9. Nf1 Qc7 10. c3 dxe4 11. dxe4 Rd8 12. Qc2 b6 13. e5 Bb7 14. Bf4 h6 15. Qe2 g5 16. Bd2 Ng6 17. h4 gxh4 18. gxh4 Ncxe5 19. h5 Nxf3+ 20. Bxf3 Nh4 21. Bh1 Bxh1 22. Kxh1 Qc6+ 23. Qe4 Qxe4+ 24. Rxe4 Nf5 25. Bf4 Rd3 26. Ne3 Nxe3 27. Bxe3 Rad8 28. Rg1 Rd1 29. Reg4 Rxg1+ 30. Rxg1 Kh7 31. Kg2 Rd5 32. Rh1 Bf6 33. Kf3 Bg5 34. c4 Rf5+ 35. Ke2 Bxe3 36. Kxe3 Kg7 37. f4 Kf6 38. Ke4 e5 39. fxe5+ Rxe5+ 40. Kf3 Kg5 41. Rh2 f6 42. Kg3 Re3+ 43. Kf2 Re4 44. Kf3 Rxc4 0-1

[Event "Madrid San Viator op-B 26th"]
[Site "Madrid"]
[Date "2016.06.05"]
[Round "9"]
[White "Gortazar Rubial, Javier Maria"]
[Black "Ruperez Benito, Yaiza"]
[Result "1/2-1/2"]
[WhiteElo "1582"]
[BlackElo "1477"]
[PlyCount "70"]
[EventDate "2016.04.03"]
[EventType "swiss"]
[EventRounds "9"]
[EventCountry "ESP"]
[SourceTitle "EXT 2017"]
[Source "ChessBase"]
[SourceDate "2016.10.25"]
[SourceVersion "1"]
[SourceVersionDate "2016.10.25"]
[SourceQuality "1"]

1. e4 e6 2. d4 d5 3. e5 c5 4. c3 Nc6 5. Nf3 Nge7 6. Be2 Nf5 7. a3 Qb6 8. g4 Nfe7 9. b4 cxb4 10. cxb4 Bd7 11. Nc3 Rc8 12. Nb5 Ng6 13. h4 a6 14. Nc3 Nxb4 15. Bd2 Nc6 16. h5 Nge7 17. Na4 Qa7 18. Nc5 Nxd4 19. Nxd7 Nc2+ 20. Kf1 Nxa1 21. Nxf8 Nc2 22. Bd3 Qc5 23. Nxh7 Nxa3 24. Qa4+ Nb5 25. Nhg5 d4 26. Bxb5+ axb5 27. Qxd4 Qc4+ 28. Kg2 Rd8 29. Qf4 Rf8 30. h6 gxh6 31. Rxh6 Ng6 32. Qxc4 bxc4 33. Nh7 Rh8 34. Nf6+ Kf8 35. Nh7+ Ke8 1/2-1/2

[Event "Madrid San Viator op-B 26th"]
[Site "Madrid"]
[Date "2016.05.22"]
[Round "7"]
[White "Gortazar Rubial, Javier Maria"]
[Black "Gutierrez Garcia, Alberto"]
[Result "0-1"]
[WhiteElo "1582"]
[BlackElo "1675"]
[PlyCount "86"]
[EventDate "2016.04.03"]
[EventType "swiss"]
[EventRounds "9"]
[EventCountry "ESP"]
[SourceTitle "EXT 2017"]
[Source "ChessBase"]
[SourceDate "2016.10.25"]
[SourceVersion "1"]
[SourceVersionDate "2016.10.25"]
[SourceQuality "1"]

1. e4 d6 2. d4 g6 3. Nf3 Bg7 4. Bd3 Nc6 5. c3 Nf6 6. Bg5 h6 7. Be3 Bg4 8. h3 Bd7 9. Nbd2 e5 10. d5 Ne7 11. Qb3 b6 12. Nc4 0-0 13. g4 Nh7 14. 0-0-0 Qe8 15. Rdg1 Ba4 16. Qa3 a5 17. Bc2 Bb5 18. Ncd2 Qd7 19. c4 Ba6 20. Qd3 Rfc8 21. Qe2 Rab8 22. Bd3 c6 23. Kd1 cxd5 24. cxd5 Qa4+ 25. Nb3 Bxd3 26. Qxd3 Qxa2 27. Bc1 a4 28. Nbd2 Rc5 29. Qa3 Qxa3 30. bxa3 Rbc8 31. Bb2 Rc2 32. Ba1 Ra2 33. Ke2 Nf6 34. Rb1 Nxe4 35. Rhc1 Rxc1 36. Rxc1 Nxd5 37. Ke1 Nxd2 38. Nxd2 h5 39. Nc4 Nf4 40. Rd1 Nxh3 41. gxh5 gxh5 42. f3 Nf4 43. Nxd6 Ng2+ 0-1

[Event "Madrid San Viator op-B 26th"]
[Site "Madrid"]
[Date "2016.04.24"]
[Round "4"]
[White "Gortazar Rubial, Javier Maria"]
[Black "Benitez Cadenas, Luis Miguel"]
[Result "1/2-1/2"]
[WhiteElo "1582"]
[BlackElo "1663"]
[PlyCount "120"]
[EventDate "2016.04.03"]
[EventType "swiss"]
[EventRounds "9"]
[EventCountry "ESP"]
[SourceTitle "EXT 2017"]
[Source "ChessBase"]
[SourceDate "2016.10.25"]
[SourceVersion "1"]
[SourceVersionDate "2016.10.25"]
[SourceQuality "1"]

1. e4 e6 2. d4 d5 3. e5 c5 4. c3 Nc6 5. Nf3 Qb6 6. a3 Nh6 7. b4 cxd4 8. cxd4 Nf5 9. Be3 Bd7 10. Be2 Be7 11. Nc3 f6 12. Na4 Qd8 13. Nc5 fxe5 14. Nxb7 Qc7 15. Nc5 exd4 16. Bg5 Bxc5 17. bxc5 Qa5+ 18. Qd2 Qxc5 19. 0-0 0-0 20. Bf4 Qc3 21. Qa2 Rfe8 22. Ne5 Nxe5 23. Bxe5 Qa5 24. Rab1 a6 25. Rfc1 Bb5 26. Bc7 Qa4 27. Rb4 Bc4 28. Bxc4 Qd7 29. Bd3 Ne7 30. Bg3 Nc6 31. Rb6 Rec8 32. h3 Na5 33. Rxc8+ Rxc8 34. Qe2 Rc1+ 35. Kh2 Nc6 36. Rb2 Rc3 37. Bxa6 Rxa3 38. Bb5 Rc3 39. Bxc6 Rxc6 40. Rb8+ Rc8 41. Rxc8+ Qxc8 42. Qd3 Qc4 43. Qxc4 dxc4 44. Be5 d3 45. Bc3 Kf7 46. Kg1 Kg6 47. Kf1 Kf5 48. Ke1 g5 49. g3 h5 50. Kd2 g4 51. hxg4+ hxg4 52. Ke3 e5 53. Bd2 Ke6 54. Ke4 Kd6 55. f3 gxf3 56. Kxf3 Kd5 57. Ke3 Ke6 58. Ke4 Kf6 59. Bc3 Ke6 60. Bd2 Kd6 1/2-1/2